00974 2200337 4500001002100000005001500021035002000036007000300056040001700059100003800076245005100114250001200165300003600177020002200213041000800235082001000243084001600253090002200269264003400291336002100325337003000346338002300376500002500399650001200424700005100436700004500487008004100532990002100573990002100594990002100615INLIS00000000000740120260602031755 a0010-0822000375ta aSBPUPADbind aDyah Novieta HandayaniePengarang1 aSup Lezat Berkhasiat /cDyah Novieta Handayani a.-Ed. 1 a64 Hal. :billus. ;c20 x 15 cm a978-979-033-884-507aind a641.3 a641.3 DYA s a641.3 DYA s L20-8 a.--Jakarta :bErlangga,c2009 2rdacontentateks 2rdamediaatanpa perantara 2rdacarrieravolume aglosarium, hlm 62-63 4aMakanan0 aeditor ke-1, Dyah Novieta HandayaniePengarang0 aeditor ke-2, Theresia Vini S.ePengarang260602 0  a767/BR/KAPD/2011 a768/BR/KAPD/2011 a769/BR/KAPD/2011